000 01993 a2200469 4500
001 14438495
003 0199112
005 20251011142748.0
008 060705s2007 cou b 001 0 eng
010 _a 2006021980
020 _a9781032872674
020 _a9781594513121
035 _a14438495
035 _a(OCoLC)70630340
040 _aDLC
_cDLC
_dBAKER
_dC#P
_dYDXCP
_dOCLCQ
_dLEO
_dIXA
_dVP@
_dBTCTA
_dDLC
_erda
043 _aaw-----
_an-us---
050 0 0 _aJZ 1480
_b.C44 2024
082 0 0 _a327.73056
_222
100 1 _aChomsky, Noam.
245 1 0 _aPerilous power :
_bthe Middle East & U.S. foreign policy : dialogues on terror, democracy, war, and justice /
_cNoam Chomsky & Gilbert Achcar
246 3 0 _aMiddle East and U.S. foreign policy
260 _aNew York
_bRoutledge
_c2024
264 _aNew York
_bRoutledge
_c2024
300 _axv, 287p.:
336 _atext
_btxt
_2rdacontent
337 _aunmediated
_bn
_2rdamedia
338 _avolume
_bnc
_2rdacarrier
504 _aIncludes bibliographical references (p. 243-266) and index.
650 0 _a
_xGovernment policy
_zUnited States.
650 0 _a
_xProtest movements
_zUnited States.
650 0 _aInsurgency
_zIraq.
650 0 _aDemocracy
_zMiddle East.
651 0 _aMiddle East
_xForeign relations
_zUnited States.
651 0 _aUnited States
_xForeign relations
_zMiddle East.
700 1 _aAchcar, Gilbert.
700 1 _aShalom, Stephen Rosskamm,
_d1948-
856 4 1 _3Table of contents only
_uhttp://www.loc.gov/catdir/toc/ecip0617/2006021980.html
906 _a7
_bcbc
_corignew
_d1
_eecip
_f20
_gy-gencatlg
942 _2lcc
_cBK
999 _c43694
_d43694